[Event "Naantali op"]
[Site "Naantali"]
[Date "2015.07.01"]
[Round "4"]
[White "Stockfelt, Jesse"]
[Black "Korpela, Olavi"]
[Result "1/2-1/2"]
[WhiteElo "1425"]
[BlackElo "1478"]
[PlyCount "60"]
[EventDate "2015.06.29"]
[EventType "swiss"]
[EventRounds "9"]
[EventCountry "FIN"]
[SourceTitle "EXT 2016"]
[Source "ChessBase"]
[SourceDate "2015.10.08"]
[SourceVersion "1"]
[SourceVersionDate "2015.10.08"]
[SourceQuality "1"]

1. e4 c6 2. d4 d5 3. Nc3 dxe4 4. Nxe4 Nd7 5. Nf3 Ngf6 6. Nxf6+ Nxf6 7. Bd3 Bg4 8. Be3 e6 9. h3 Bh5 10. c3 Qc7 11. Qe2 Bd6 12. 0-0 Nd5 13. Rae1 Ne7 14. Bg5 Bg6 15. Ne5 Bxe5 16. dxe5 Bxd3 17. Qxd3 Rd8 18. Qe2 h6 19. Bxe7 Qxe7 20. Kh1 Qc5 21. f4 0-0 22. f5 exf5 23. Rxf5 Qe7 24. Ref1 Qe6 25. a3 a5 26. Qf2 Rd7 27. Qg3 Kh8 28. Qf4 Kh7 29. Qe4 Kg8 30. Qg4 Kh7 1/2-1/2